Network management : (Record no. 23032)

MARC details
000 -LEADER
fixed length control field 01040cam a22003015a 4500
001 - CONTROL NUMBER
control field 9676221
005 - DATE AND TIME OF LATEST TRANSACTION
control field 20161106142419.0
008 - FIXED-LENGTH DATA ELEMENTS--GENERAL INFORMATION
fixed length control field 101108s2014 ii a frbd 001 0 eng d
020 ## - INTERNATIONAL STANDARD BOOK NUMBER
Cancelled/invalid ISBN 9788131727591
040 ## - CATALOGING SOURCE
Original cataloging agency UMI
Transcribing agency UMI
Language of cataloging eng
Modifying agency EG-ScBUE
082 04 - DEWEY DECIMAL CLASSIFICATION NUMBER
Edition number 22
Classification number 004.6
Item number SUB
100 1# - MAIN ENTRY--PERSONAL NAME
Personal name Subramanian, Mani.
245 10 - TITLE STATEMENT
Title Network management :
Remainder of title principles and practice /
Statement of responsibility, etc Mani Subramanian ; with contributions from Timothy A. Gonsalves, N. Usha Rani.
250 ## - EDITION STATEMENT
Edition statement 11th impression.
260 ## - PUBLICATION, DISTRIBUTION, ETC. (IMPRINT)
Place of publication, distribution, etc New Delhi :
Name of publisher, distributor, etc Dorling Kindersley,
Date of publication, distribution, etc 2014.
300 ## - PHYSICAL DESCRIPTION
Extent xxvi, [2], 695 p. :
Other physical details ill. ;
Dimensions 24 cm.
500 ## - GENERAL NOTE
General note Glossary : p. [663]-671.
500 ## - GENERAL NOTE
General note Index : p. [683]-695.
504 ## - BIBLIOGRAPHY, ETC. NOTE
Bibliography, etc Bibliography : p. [673]-682.
506 ## - RESTRICTIONS ON ACCESS NOTE
Terms governing access Access restricted by licensing agreement.
650 #7 - SUBJECT ADDED ENTRY--TOPICAL TERM
Topical term or geographic name as entry element Computer networks
General subdivision Management.
Source of heading or term BUEsh
9 (RLIN) 3818
651 ## - SUBJECT ADDED ENTRY--GEOGRAPHIC NAME
Source of heading or term BUEsh
653 ## - INDEX TERM--UNCONTROLLED
Resource For college Informatics and Computer Science
Arrived date list November2016
700 1# - ADDED ENTRY--PERSONAL NAME
Personal name Gonsalves, Timothy A.,
Relator term contributor.
700 1# - ADDED ENTRY--PERSONAL NAME
Personal name Usha Rani, N.,
Relator term contributor.
710 2# - ADDED ENTRY--CORPORATE NAME
Corporate name or jurisdiction name as entry element Safari Books Online (Firm)
942 ## - ADDED ENTRY ELEMENTS (KOHA)
Source of classification or shelving scheme Dewey Decimal Classification
Holdings
Withdrawn status Item status Source of classification or shelving scheme Damaged status Not for loan Home library Current library Shelving location Date acquired Source of acquisition Cost, normal purchase price Total Checkouts Full call number Barcode Date last seen Koha item type
    Dewey Decimal Classification     Central Library Central Library Lower Floor 06/11/2016 Purchase 280.00   004.6 SUB 000033028 15/07/2025 NB - Book (Non borrowing)
    Dewey Decimal Classification     Central Library Central Library Lower Floor 06/11/2016 Purchase 280.00   004.6 SUB 000033027 15/07/2025 Book - Borrowing
    Dewey Decimal Classification     Central Library Central Library Lower Floor 06/11/2016 Purchase     004.6 SUB 000033026 15/07/2025 Book - Borrowing